000 01066cam a22002772 4500
001 0000020817
005 20151217145927.0
008 111018s xx 000 0 eng d
020 _a0199579044
040 _aKABU
_cKABU
100 1 _aAllen, Michael J.
_@0000178044
245 1 0 _aCases and materials on constitutional and administrative law /
_cMichael J. Allen, Brian Thompson.
250 _a10th ed.
260 _aOxford :
_bO. U. P.,
_c2011.
300 _axxxviii, 737 p.
650 0 _aAdministative law
_xCases
_zGreat Britain.
_@0000178045
650 0 _aConstitutional Law
_xCases
_zGreat Britain.
_@0000178046
700 1 _aThompson, Brian.
_@0000178047
852 1 _9p5280 KES
852 1 _9p5280 KES
852 1 _9p4785 KES
852 1 _9p5280 KES
852 1 _9p4785 KES
908 _a111018
950 _@1
999 _c4185
_d4185